000 00583nam a2200241 a 4500
001 nice12345678
003 IN_TiNIC
005 20260116014046.0
008 081106s2005 lona grp 000 0 eng
020 _a0747576262
_c782
082 0 0 _a305.480297
_bABO
100 _aAboulela, Leila
245 _aMinaret
260 _aLondon
_bBloomsbury Publishing
_c2005
300 _a276p
500 _aincludes index and biblioraphy
650 _aMuslim Women-Europe
650 _aFiction
700 1 _aAboulela, Leila
902 _bSRS
942 _cBK
999 _c13689
_d13689